000
00294nam a22000857a 4500
082
_a
355
245
_a
SSC कांस्टेेबल ( GD ) (पुरूष / महिला ) भर्ती परीक्षा 2023
260
_a
Agra
_b
Agrawal Publication
_c
2023
942
_c
C. BOOKS
999
_c
66473
_d
66473